| 000 | 01086cam a22002413a 4500 | ||
|---|---|---|---|
| 001 | 16247 | ||
| 003 | PGUSA | ||
| 005 | 20140828083339.0 | ||
| 008 | 050708s2005||||xxu|||||s|||||000 | eng d | ||
| 040 |
_aPGUSA _beng |
||
| 042 | _adc | ||
| 050 | 4 | _aPZ | |
| 245 | 1 | 0 |
_aFamous Stories Every Child Should Know _h[electronic resource] |
| 260 |
_bProject Gutenberg, _c2005 |
||
| 505 | 0 | _aA Child's Dream of a Star, By Dickens -- The King of the Golden River or, The Black Brothers, By Ruskin -- The Snow Image: A Childish Miracle, By Hawthorne -- Undine, By Friedrich -- The Story of Ruth -- The Great Stone Face, By Hawthorne -- The Diverting History of John Gilpin, By Cowper -- The Man Without a Country, By Hale -- The Nürnberg Stove, By Ramee -- Rab and His Friends, By Brown -- Peter Rugg, the Missing Man, By Austin. | |
| 506 | _aPublic domain in the USA. | ||
| 516 | _aElectronic text | ||
| 653 | _aChildren's stories | ||
| 700 | 1 |
_aMabie, Hamilton Wright, _d1846-1916 |
|
| 830 | 0 |
_aProject Gutenberg _v16247 |
|
| 856 | 4 | 0 | _uhttp://www.gutenberg.org/ebooks/16247 |
| 942 | _cEB | ||
| 999 |
_c245502 _d245502 |
||